| Tag |
First Indicator |
Second Indicator |
Subfields |
| LEADER |
00000pam a22000004a 4500 |
| 001 |
in00002000296 |
| 005 |
20151031124735.0 |
| 008 |
031113s2004 nyu b 001 0 eng |
| 010 |
|
|
|a 2003064779
|
| 020 |
|
|
|a 1403964149 (alk. paper)
|
| 035 |
|
|
|a (OCoLC)ocm53793421
|
| 040 |
|
|
|a DLC
|c DLC
|d TXA
|d UtOrBLW
|
| 042 |
|
|
|a pcc
|
| 043 |
|
|
|a aw-----
|
| 049 |
|
|
|a TXAM
|
| 050 |
0 |
0 |
|a DS44
|b .M5235 2004
|
| 082 |
0 |
0 |
|a 956.05
|2 22
|
| 245 |
0 |
4 |
|a The Middle East and Palestine :
|b global politics and regional conflict /
|c edited by Dietrich Jung.
|
| 264 |
|
1 |
|a New York :
|b Palgrave Macmillan,
|c 2004.
|
| 300 |
|
|
|a xii, 244 pages ;
|c 22 cm.
|
| 336 |
|
|
|a text
|b txt
|2 rdacontent
|
| 337 |
|
|
|a unmediated
|b n
|2 rdamedia
|
| 338 |
|
|
|a volume
|b nc
|2 rdacarrier
|
| 504 |
|
|
|a Includes bibliographical references and index.
|
| 650 |
|
0 |
|a Arab-Israeli conflict
|y 1993-
|
| 651 |
|
0 |
|a Middle East.
|
| 651 |
|
0 |
|a Palestine.
|
| 700 |
1 |
|
|a Jung, Dietrich,
|d 1959-
|
| 948 |
|
|
|a cataloged
|b h
|c 2004/10/22
|d c
|e dmitchel
|f 12:20:10 pm
|
| 994 |
|
|
|a E0
|b TXA
|
| 999 |
|
|
|a MARS
|
| 999 |
f |
f |
|s 3cfcc171-4d1d-3c99-9f2d-cf0110c5f8e2
|i df435717-97b1-3d86-86a1-ccc6889fa0ba
|t 0
|
| 952 |
f |
f |
|p normal
|a Texas A&M University
|b College Station
|c Sterling C. Evans Library
|d Evans: Library Stacks
|t 0
|e DS44 .M5235 2004
|h Library of Congress classification
|i unmediated -- volume
|m A14831346321
|
| 998 |
f |
f |
|a DS44 .M5235 2004
|t 0
|l Evans: Library Stacks
|